[Event "Rusia tch 2011 femenino"]
[Site "Olginka RUS"]
[Date "2011.04.19"]
[Round "4.13"]
[White "Gaponenko, Inna"]
[Black "Pogonina, Natalija"]
[Result "1/2-1/2"]
[WhiteElo "2435"]
[BlackElo "2446"]
[PlyCount "60"]
[EventDate "2011.04.12"]
[EventType "team"]
[EventRounds "11"]
[EventCountry "RUS"]
[Source "lmi"]
[SourceDate "2011.04.16"]
[WhiteTeam "Ucrania"]
[BlackTeam "Rusia"]
[WhiteTeamCountry "UKR"]
[BlackTeamCountry "RUS"]

1. e4 e5 2. Nf3 Nc6 3. Bc4 Bc5 4. O-O Nf6 5. d4 Bxd4 6. Nxd4 Nxd4 7. f4 d6 8.
fxe5 dxe5 9. Bg5 Qe7 10. Na3 Be6 11. Bxf6 gxf6 12. c3 Nc6 13. Qf3 Bxc4 14. Nxc4
Qc5+ 15. Ne3 O-O-O 16. Qf2 Ne7 17. Ng4 Qxf2+ 18. Rxf2 Ng6 19. g3 h5 20. Nxf6 h4
21. Raf1 hxg3 22. hxg3 Rd3 23. Kg2 c6 24. Rf3 Rxf3 25. Rxf3 Kd8 26. Ng4 Ke7 27.
Rf2 Ke6 28. Rf6+ Ke7 29. Rf2 Ke6 30. Rf6+ Ke7 1/2-1/2

[Event "Rusia tch 2011 femenino"]
[Site "Olginka RUS"]
[Date "2011.04.19"]
[Round "4.14"]
[White "Savina, Anastasia"]
[Black "Turova, Irina"]
[Result "0-1"]
[WhiteElo "2383"]
[BlackElo "2428"]
[PlyCount "142"]
[EventDate "2011.04.12"]
[EventType "team"]
[EventRounds "11"]
[EventCountry "RUS"]
[Source "lmi"]
[SourceDate "2011.04.16"]
[WhiteTeam "Rusia"]
[BlackTeam "Rusia"]
[WhiteTeamCountry "RUS"]
[BlackTeamCountry "RUS"]

1. d4 Nf6 2. c4 e6 3. Nc3 Bb4 4. Qc2 O-O 5. Nf3 d6 6. e4 e5 7. d5 Nbd7 8. Bg5
Re8 9. Bd3 h6 10. Bd2 Nc5 11. a3 Bxc3 12. Bxc3 Nh5 13. g3 f5 14. Nd2 Nf6 15. f3
fxe4 16. Nxe4 Nfxe4 17. Bxe4 Nxe4 18. Qxe4 Qg5 19. Bd2 Qf6 20. O-O Bf5 21. Qe3
Qg6 22. Rf2 c6 23. Bb4 c5 24. Bc3 a6 25. a4 Bd3 26. b3 b5 27. cxb5 axb5 28. a5
b4 29. Bb2 Bb5 30. Kg2 Rf8 31. Bc1 Qd3 32. Qxd3 Bxd3 33. g4 Rf7 34. Kg3 c4 35.
bxc4 Bxc4 36. Bd2 b3 37. Bb4 Ra6 38. f4 e4 39. Rc1 Bd3 40. Rc8+ Rf8 41. Rc3 Bc2
42. Rfxc2 bxc2 43. Rxc2 Rb8 44. Rc4 Rb5 45. Rd4 Ra8 46. Kf2 Rab8 47. Bxd6 Rb2+
48. Ke3 R8b3+ 49. Kxe4 Re2+ 50. Kf5 Kf7 51. Re4 Rbe3 52. Rxe3 Rxe3 53. g5 g6+
54. Kg4 h5+ 55. Kh4 Rd3 56. Bb8 Rxd5 57. a6 Ra5 58. a7 Ra3 59. f5 gxf5 60. Bd6
Rxa7 61. Kxh5 Ra8 62. Be5 Ke6 63. Bg3 f4 64. Bxf4 Kf5 65. g6 Kxf4 66. Kh6 Kf5
67. h4 Kf6 68. Kh7 Ra7+ 69. Kh6 Ra5 70. g7 Kf7 71. h5 Kg8 0-1

[Event "Rusia tch 2011 femenino"]
[Site "Olginka RUS"]
[Date "2011.04.19"]
[Round "4.22"]
[White "Atalik, Ekaterina"]
[Black "Ivkina, Olga"]
[Result "0-1"]
[WhiteElo "2444"]
[BlackElo "2289"]
[PlyCount "104"]
[EventDate "2011.04.12"]
[EventType "team"]
[EventRounds "11"]
[EventCountry "RUS"]
[Source "lmi"]
[SourceDate "2011.04.16"]
[WhiteTeam "Turquía"]
[BlackTeam "Rusia"]
[WhiteTeamCountry "TUR"]
[BlackTeamCountry "RUS"]

1. d4 Nf6 2. c4 g6 3. Nc3 Bg7 4. e4 d6 5. f3 O-O 6. Be3 a6 7. Qd2 Nc6 8. Nge2
Rb8 9. Rc1 Bd7 10. g3 b5 11. b3 bxc4 12. bxc4 e5 13. d5 Na5 14. Nd1 c5 15. g4
h5 16. g5 Nh7 17. Rg1 Rb4 18. Ng3 Qc8 19. Bd3 Kh8 20. h4 Ba4 21. Nf5 gxf5 22.
exf5 Nxc4 23. Rxc4 Rxc4 24. Bxc4 Qxf5 25. Bd3 Qxf3 26. Nc3 Bb5 27. Be4 Qh3 28.
a4 Bc4 29. Qf2 f5 30. Bg2 Qg4 31. Bf3 Qxg1+ 32. Qxg1 e4 33. Nxe4 fxe4 34. Bxe4
Bc3+ 35. Bd2 Rf1+ 36. Qxf1 Bxd2+ 37. Kxd2 Bxf1 38. Bf3 Kg7 39. Bxh5 Bg2 40. Be2
a5 41. Bc4 Nxg5 42. hxg5 Kg6 43. Bb5 Bxd5 44. Ke3 Kxg5 45. Bd7 Bb3 46. Ke4 Kf6
47. Kf4 d5 48. Bc6 Ke6 49. Bb5 Kd6 50. Be8 c4 51. Bb5 Kc5 52. Be8 Kd4 0-1

[Event "Rusia tch 2011 femenino"]
[Site "Olginka RUS"]
[Date "2011.04.19"]
[Round "4.23"]
[White "Bronnikova, Elizaveta"]
[Black "Bodnaruk, Anastasia"]
[Result "0-1"]
[WhiteElo "2251"]
[BlackElo "2423"]
[PlyCount "102"]
[EventDate "2011.04.12"]
[EventType "team"]
[EventRounds "11"]
[EventCountry "RUS"]
[Source "lmi"]
[SourceDate "2011.04.16"]
[WhiteTeam "Rusia"]
[BlackTeam "Rusia"]
[WhiteTeamCountry "RUS"]
[BlackTeamCountry "RUS"]

1. e4 c5 2. Nf3 d6 3. d4 cxd4 4. Nxd4 Nf6 5. Nc3 a6 6. Be2 e5 7. Nb3 Be7 8. O-O
O-O 9. Kh1 Qc7 10. f4 b5 11. fxe5 dxe5 12. Bg5 Nbd7 13. a3 Bb7 14. Bd3 Qb6 15.
Qf3 Rac8 16. Be3 Qe6 17. Bg5 Nb6 18. Na5 Ba8 19. Qf5 Bd8 20. Bxf6 Bxf6 21. Qxe6
fxe6 22. a4 Nc4 23. Nxc4 bxc4 24. Be2 Rfd8 25. Rad1 Rd4 26. Bg4 Re8 27. h3 Kf8
28. Rxd4 exd4 29. e5 dxc3 30. bxc3 Ke7 31. exf6+ gxf6 32. Rf4 Bd5 33. Bf3 Rb8
34. Rh4 Rb1+ 35. Kh2 Rc1 36. Rxh7+ Kd6 37. h4 Rxc2 38. Kg3 Rxc3 39. Ra7 Rc1 40.
Kf2 c3 41. Rxa6+ Kc5 42. Bxd5 exd5 43. Ke2 d4 44. Ra8 Rc2+ 45. Kd3 Rd2+ 46. Ke4
f5+ 47. Kxf5 Re2 48. Rc8+ Kb4 49. a5 d3 50. a6 Ra2 51. Rb8+ Kc4 0-1

[Event "Rusia tch 2011 femenino"]
[Site "Olginka RUS"]
[Date "2011.04.19"]
[Round "4.24"]
[White "Kovanova, Baira"]
[Black "Gromova, Iulia"]
[Result "1/2-1/2"]
[WhiteElo "2376"]
[BlackElo "2214"]
[PlyCount "63"]
[EventDate "2011.04.12"]
[EventType "team"]
[EventRounds "11"]
[EventCountry "RUS"]
[Source "lmi"]
[SourceDate "2011.04.16"]
[WhiteTeam "Rusia"]
[BlackTeam "Rusia"]
[WhiteTeamCountry "RUS"]
[BlackTeamCountry "RUS"]

1. e4 c6 2. Nc3 d5 3. Nf3 Bg4 4. h3 Bxf3 5. Qxf3 e6 6. d3 Nd7 7. Bd2 g6 8. g4
Bg7 9. Bg2 Ne7 10. O-O O-O 11. Qg3 b5 12. Rae1 Qb6 13. Kh1 dxe4 14. Nxe4 Nd5
15. c4 bxc4 16. dxc4 N5f6 17. Nxf6+ Bxf6 18. b3 Rad8 19. Be3 Qa6 20. Qc7 Qxa2
21. Bh6 Rfe8 22. Bxc6 Qxb3 23. f3 Qxc4 24. Rc1 Qe2 25. Qxa7 Re7 26. Rcd1 Nf8
27. Qa4 Be5 28. f4 Rxd1 29. Rxd1 Bg7 30. Bxg7 Kxg7 31. Qa1+ Kg8 32. Bg2 1/2-1/2

[Event "Rusia tch 2011 femenino"]
[Site "Olginka RUS"]
[Date "2011.04.19"]
[Round "4.31"]
[White "Tomilova, Elena"]
[Black "Zhukova, Natalia"]
[Result "1/2-1/2"]
[WhiteElo "2315"]
[BlackElo "2443"]
[PlyCount "42"]
[EventDate "2011.04.12"]
[EventType "team"]
[EventRounds "11"]
[EventCountry "RUS"]
[Source "lmi"]
[SourceDate "2011.04.16"]
[WhiteTeam "Rusia"]
[BlackTeam "Ucrania"]
[WhiteTeamCountry "RUS"]
[BlackTeamCountry "UKR"]

1. d4 d5 2. c4 e6 3. cxd5 exd5 4. Nc3 c6 5. Qc2 Bd6 6. Nf3 Ne7 7. Bg5 f6 8. Bh4
Bf5 9. Qd2 Nd7 10. e3 Nb6 11. b3 a5 12. Bd3 a4 13. O-O Bxd3 14. Qxd3 O-O 15.
Bg3 Bxg3 16. hxg3 axb3 17. axb3 Qd6 18. Na4 Nd7 19. Qc3 b6 20. b4 Ra7 21. Ra3
Rfa8 1/2-1/2

[Event "Rusia tch 2011 femenino"]
[Site "Olginka RUS"]
[Date "2011.04.19"]
[Round "4.33"]
[White "Novikova, Anna"]
[Black "Zaiatz, Elena"]
[Result "1/2-1/2"]
[WhiteElo "2240"]
[BlackElo "2426"]
[PlyCount "95"]
[EventDate "2011.04.12"]
[EventType "team"]
[EventRounds "11"]
[EventCountry "RUS"]
[Source "lmi"]
[SourceDate "2011.04.16"]
[WhiteTeam "Rusia"]
[BlackTeam "Rusia"]
[WhiteTeamCountry "RUS"]
[BlackTeamCountry "RUS"]

1. e4 e5 2. Nf3 Nc6 3. Bc4 Bc5 4. O-O Nf6 5. d3 d6 6. c3 a6 7. Bb3 Ba7 8. h3 h6
9. Re1 O-O 10. Nbd2 Be6 11. Nf1 Re8 12. Ng3 d5 13. Qe2 Qd7 14. Bc2 Rad8 15. Nh4
Kh8 16. Nhf5 Ne7 17. Nxe7 Rxe7 18. Qf3 Ng8 19. Nf5 Bxf5 20. Qxf5 dxe4 21. Qxd7
Rexd7 22. Rxe4 f6 23. g3 Ne7 24. Kg2 Nd5 25. Bd2 c6 26. Rae1 Bb8 27. d4 Nc7 28.
Be3 Nd5 29. Bc1 Kg8 30. dxe5 Bxe5 31. f4 Bc7 32. h4 Kf7 33. h5 Re7 34. Rxe7+
Nxe7 35. g4 Kf8 36. Kf3 Nd5 37. Bg6 Ne7 38. Bc2 Nd5 39. a3 Bb6 40. c4 Ne7 41.
b4 c5 42. Be3 Nc6 43. bxc5 Ba7 44. Bg6 Na5 45. Rb1 Rd7 46. Re1 Rd8 47. Rb1 Rd7
48. Re1 1/2-1/2

[Event "Rusia tch 2011 femenino"]
[Site "Olginka RUS"]
[Date "2011.04.19"]
[Round "4.34"]
[White "Vasilevich, Irina"]
[Black "Gileva, Irina"]
[Result "1-0"]
[WhiteElo "2324"]
[BlackElo "2133"]
[PlyCount "55"]
[EventDate "2011.04.12"]
[EventType "team"]
[EventRounds "11"]
[EventCountry "RUS"]
[Source "lmi"]
[SourceDate "2011.04.16"]
[WhiteTeam "Rusia"]
[BlackTeam "Rusia"]
[WhiteTeamCountry "RUS"]
[BlackTeamCountry "RUS"]

1. e4 e5 2. f4 exf4 3. Nf3 g5 4. Bc4 Bg7 5. h4 h6 6. d4 d6 7. Nc3 Nc6 8. Ne2
Bg4 9. Qd3 Bxf3 10. gxf3 Qf6 11. Bb5 a6 12. Bxc6+ bxc6 13. Bd2 Ne7 14. O-O-O
Ng6 15. Qc4 Ne7 16. Ba5 d5 17. Qa4 dxe4 18. Bxc7 exf3 19. Nxf4 O-O 20. hxg5
hxg5 21. Nh5 Qg6 22. Be5 Nf5 23. Qb3 g4 24. Nf4 Bh6 25. Kb1 Qh7 26. Nh5 Qg6 27.
Nf6+ Kh8 28. Rdg1 1-0

[Event "Rusia tch 2011 femenino"]
[Site "Olginka RUS"]
[Date "2011.04.19"]
[Round "4.43"]
[White "Romanko, Marina"]
[Black "Kabanova, Ekaterina"]
[Result "1-0"]
[WhiteElo "2402"]
[BlackElo "2190"]
[PlyCount "89"]
[EventDate "2011.04.12"]
[EventType "team"]
[EventRounds "11"]
[EventCountry "RUS"]
[Source "lmi"]
[SourceDate "2011.04.16"]
[WhiteTeam "Rusia"]
[BlackTeam "Rusia"]
[WhiteTeamCountry "RUS"]
[BlackTeamCountry "RUS"]

1. d4 d5 2. c4 c6 3. Nc3 Nf6 4. e3 a6 5. Nf3 Bf5 6. Be2 e6 7. O-O Be7 8. a4 O-O
9. Nh4 Bg6 10. Nxg6 hxg6 11. a5 Nbd7 12. Bd2 Bd6 13. cxd5 cxd5 14. Na4 Qe7 15.
Rb1 Bb4 16. Bd3 b5 17. axb6 Rfb8 18. Bxb4 Qxb4 19. b3 a5 20. Qe2 Nxb6 21. Nc5
Rc8 22. Ba6 Rd8 23. f3 Re8 24. Rfc1 Nfd7 25. Bb5 Re7 26. Na6 Qa3 27. Qd2 e5 28.
dxe5 Rxe5 29. Nc7 Rd8 30. f4 Rf5 31. Bxd7 Rxd7 32. Nb5 Qb4 33. Qxb4 axb4 34.
Nd4 Rf6 35. Ra1 Re7 36. Kf2 Kh7 37. h4 Rd6 38. Ra5 Nd7 39. Rc7 Re8 40. Nb5 Ree6
41. Nxd6 Rxd6 42. Raa7 Nf8 43. Ra8 Ne6 44. Rcc8 g5 45. f5 1-0

[Event "Rusia tch 2011 femenino"]
[Site "Olginka RUS"]
[Date "2011.04.21"]
[Round "5.13"]
[White "Bezgodova, Svetlana"]
[Black "Gaponenko, Inna"]
[Result "0-1"]
[WhiteElo "2147"]
[BlackElo "2435"]
[PlyCount "96"]
[EventDate "2011.04.12"]
[EventType "team"]
[EventRounds "11"]
[EventCountry "RUS"]
[Source "lmi"]
[SourceDate "2011.04.16"]
[WhiteTeamCountry "RUS"]
[BlackTeamCountry "RUS"]

1. Nf3 Nf6 2. g3 d5 3. Bg2 c6 4. O-O Bf5 5. d3 e6 6. Nbd2 h6 7. b3 Be7 8. Bb2
O-O 9. c4 a5 10. a3 Bh7 11. Rc1 Nbd7 12. Rc2 Re8 13. Qa1 c5 14. cxd5 exd5 15.
a4 Nb8 16. Bh3 Na6 17. Re1 Nb4 18. Rcc1 d4 19. Nh4 Bf8 20. Bg2 Nfd5 21. Be4 f5
22. Bg2 g5 23. Nhf3 g4 24. Nh4 Be7 25. Bxd5+ Nxd5 26. Ng2 Bg5 27. Nc4 f4 28.
Rcd1 fxg3 29. hxg3 Nb4 30. Qb1 Ra6 31. Ba3 Rae6 32. Bxb4 axb4 33. Qc2 h5 34. a5
h4 35. gxh4 Bxh4 36. Nb6 Qf6 37. e4 dxe3 38. Rxe3 g3 39. Nd5 Qxf2+ 40. Qxf2
gxf2+ 41. Kf1 Rxe3 42. Ndxe3 Bg3 43. Ke2 Bg6 44. Rc1 Bh5+ 45. Kf1 Bf3 46. Ra1
Re5 47. a6 bxa6 48. Rxa6 Bxg2+ 0-1

[Event "Rusia tch 2011 femenino"]
[Site "Olginka RUS"]
[Date "2011.04.21"]
[Round "5.22"]
[White "Gunina, Valentina"]
[Black "Munguntuul, Batkhuyag"]
[Result "0-1"]
[WhiteElo "2472"]
[BlackElo "2434"]
[PlyCount "104"]
[EventDate "2011.04.12"]
[EventType "team"]
[EventRounds "11"]
[EventCountry "RUS"]
[Source "lmi"]
[SourceDate "2011.04.16"]
[WhiteTeamCountry "RUS"]
[BlackTeamCountry "RUS"]

1. d4 d5 2. c4 e6 3. Nc3 Nf6 4. Nf3 Be7 5. Bg5 O-O 6. e3 Nbd7 7. Rc1 a6 8. c5
c6 9. Bd3 e5 10. dxe5 Ne8 11. Bxe7 Qxe7 12. Qc2 h6 13. e4 Nxe5 14. Nxe5 Qxe5
15. O-O dxe4 16. Nxe4 Bf5 17. Rfe1 Rd8 18. Qb3 Qc7 19. g3 Bxe4 20. Bxe4 Nf6 21.
Bf3 Rfe8 22. Kg2 Re7 23. Rxe7 Qxe7 24. Qc3 Qe6 25. a4 Qf5 26. Qe1 Rd4 27. Qe3
Qd7 28. Qe5 Rd2 29. Rc4 a5 30. Rf4 Qe6 31. Qxe6 fxe6 32. b4 e5 33. Rh4 e4 34.
Bxe4 g5 35. Rxh6 Nxe4 36. bxa5 Rxf2+ 37. Kh3 Rf6 38. Rh5 Rf5 39. Kg4 Rxc5 40.
Rh6 Kg7 41. Re6 Nf6+ 42. Kf3 Kf7 43. Re1 Rxa5 44. Rb1 g4+ 45. Ke3 Rxa4 46.
Rxb7+ Ke6 47. Rb2 c5 48. Rb7 Nd5+ 49. Kd3 c4+ 50. Kd4 c3+ 51. Kd3 Ra2 52. Rb1
Rd2+ 0-1

[Event "Rusia tch 2011 femenino"]
[Site "Olginka RUS"]
[Date "2011.04.21"]
[Round "5.23"]
[White "Zaiatz, Elena"]
[Black "Romanko, Marina"]
[Result "1/2-1/2"]
[WhiteElo "2426"]
[BlackElo "2402"]
[PlyCount "41"]
[EventDate "2011.04.12"]
[EventType "team"]
[EventRounds "11"]
[EventCountry "RUS"]
[Source "lmi"]
[SourceDate "2011.04.16"]
[WhiteTeamCountry "RUS"]
[BlackTeamCountry "RUS"]

1. d4 d5 2. c4 c6 3. Nc3 Nf6 4. Nf3 e6 5. Bg5 Nbd7 6. cxd5 exd5 7. e3 Be7 8.
Qc2 Nh5 9. h4 Ndf6 10. Ne5 h6 11. Be2 hxg5 12. hxg5 Nd7 13. Rxh5 Rxh5 14. Bxh5
Nxe5 15. dxe5 Bxg5 16. Qh7 g6 17. Bxg6 fxg6 18. Qxg6+ Kd7 19. Qd6+ Ke8 20. Qg6+
Kd7 21. Qd6+ 1/2-1/2

[Event "Rusia tch 2011 femenino"]
[Site "Olginka RUS"]
[Date "2011.04.21"]
[Round "5.24"]
[White "Girya, Olga"]
[Black "Vasilevich, Irina"]
[Result "1-0"]
[WhiteElo "2425"]
[BlackElo "2324"]
[PlyCount "127"]
[EventDate "2011.04.12"]
[EventType "team"]
[EventRounds "11"]
[EventCountry "RUS"]
[Source "lmi"]
[SourceDate "2011.04.16"]
[WhiteTeamCountry "RUS"]
[BlackTeamCountry "RUS"]

1. d4 Nf6 2. c4 e6 3. Nf3 b6 4. g3 Ba6 5. Qb3 Nc6 6. Nbd2 Na5 7. Qc3 c5 8. dxc5
bxc5 9. e4 d6 10. a3 Bb7 11. b4 Nc6 12. Bg2 Qc7 13. O-O e5 14. Rb1 Nd4 15. Qd3
Be7 16. Bb2 Nxf3+ 17. Qxf3 cxb4 18. axb4 O-O 19. Bc3 Nd7 20. Qe2 Rfe8 21. Rfd1
Nb6 22. Ra1 Bc8 23. Rdc1 Be6 24. Bb2 Rac8 25. Qe3 Red8 26. Ra5 Qb8 27. Bf1 h6
28. h4 Rc7 29. c5 Nc8 30. Rb5 Qa8 31. cxd6 Rxc1 32. dxe7 Rxf1+ 33. Nxf1 Nxe7
34. Rxe5 Rd1 35. Qc3 Qf8 36. Kg2 Ng6 37. Ra5 Rd7 38. h5 Ne7 39. Ra6 Nc8 40. Ne3
Nd6 41. Qe5 Ne8 42. Nf5 Bxf5 43. Qxf5 Qe7 44. Qe5 Qxe5 45. Bxe5 Rb7 46. Bc3 Nc7
47. Ra5 Nb5 48. Be1 Kf8 49. f3 Ke7 50. Bf2 Kd7 51. Bc5 Ke8 52. Kf2 f6 53. Ke3
Kd7 54. Kd3 Kc7 55. Kc4 Nd6+ 56. Kd5 Nc8 57. Ke6 Kd8 58. Ra3 Rd7 59. f4 Ke8 60.
e5 fxe5 61. fxe5 Rf7 62. Rd3 Rc7 63. Rf3 Ne7 64. Rf7 1-0

[Event "Rusia tch 2011 femenino"]
[Site "Olginka RUS"]
[Date "2011.04.21"]
[Round "5.31"]
[White "Cmilyte, Viktorija"]
[Black "Tomilova, Elena"]
[Result "1-0"]
[WhiteElo "2526"]
[BlackElo "2315"]
[PlyCount "103"]
[EventDate "2011.04.12"]
[EventType "team"]
[EventRounds "11"]
[EventCountry "RUS"]
[Source "lmi"]
[SourceDate "2011.04.16"]
[WhiteTeamCountry "RUS"]
[BlackTeamCountry "RUS"]

1. c4 e5 2. Nc3 Nf6 3. g3 d5 4. cxd5 Nxd5 5. Bg2 Nb6 6. Nf3 Nc6 7. O-O Be7 8.
a3 O-O 9. b4 a6 10. d3 Re8 11. Bb2 Bf8 12. Ne4 Bg4 13. Rc1 Nd4 14. Nxd4 exd4
15. h3 Bh5 16. Re1 c6 17. Nc5 Re7 18. Qd2 h6 19. g4 Bg6 20. Qf4 Qe8 21. Bf3 Nd5
22. Qd2 Qb8 23. Bxd4 Nf4 24. Be3 Nxh3+ 25. Kg2 Ng5 26. Bxg5 hxg5 27. Qxg5 Re5
28. Qh4 Be7 29. Qh3 Bxc5 30. Rxc5 f6 31. d4 Re7 32. Rh1 Qe8 33. d5 Be4 34. dxc6
bxc6 35. Bxe4 Rxe4 36. Qb3+ Qe6 37. Qxe6+ Rxe6 38. Kf3 Rb8 39. Ra5 Rb6 40. Rd1
Kf7 41. Rd7+ Re7 42. Rxe7+ Kxe7 43. Kf4 g6 44. e4 Ke6 45. g5 Kf7 46. gxf6 Kxf6
47. f3 Kf7 48. Kg5 Kg7 49. f4 Kf7 50. e5 Kg7 51. Rc5 Kf7 52. Kh6 1-0

[Event "Rusia tch 2011 femenino"]
[Site "Olginka RUS"]
[Date "2011.04.21"]
[Round "5.33"]
[White "Bodnaruk, Anastasia"]
[Black "Novikova, Anna"]
[Result "1/2-1/2"]
[WhiteElo "2423"]
[BlackElo "2240"]
[PlyCount "82"]
[EventDate "2011.04.12"]
[EventType "team"]
[EventRounds "11"]
[EventCountry "RUS"]
[Source "lmi"]
[SourceDate "2011.04.16"]
[WhiteTeamCountry "RUS"]
[BlackTeamCountry "RUS"]

1. e4 e5 2. Nf3 Nf6 3. Nxe5 d6 4. Nf3 Nxe4 5. d4 d5 6. Bd3 Nc6 7. O-O Bg4 8.
Re1 f5 9. Be2 Bd6 10. Ne5 Nxe5 11. dxe5 Bc5 12. Rf1 Qh4 13. g3 Nxf2 14. Qxd5
Qe7 15. Bxg4 Nxg4+ 16. Kg2 c6 17. Qb3 Qxe5 18. Nc3 O-O-O 19. Bf4 Qf6 20. Rae1
Rhe8 21. Na4 Bd6 22. Bc1 g6 23. h3 Ne5 24. Bf4 g5 25. Bxe5 Rxe5 26. Qf3 f4 27.
Nc3 Bc7 28. Ne4 Qe7 29. Re2 Re8 30. Rfe1 fxg3 31. Nxg3 Kb8 32. Rxe5 Bxe5 33.
Re4 Qd6 34. Qe2 Qf6 35. Nh5 Qh8 36. c3 Re7 37. Ng3 Qf6 38. Nh5 Qd6 39. Qe1 Qd5
40. c4 Qd6 41. Qe2 Kc7 1/2-1/2

[Event "Rusia tch 2011 femenino"]
[Site "Olginka RUS"]
[Date "2011.04.21"]
[Round "5.34"]
[White "Rassokhina, Ekaterina"]
[Black "Kovanova, Baira"]
[Result "1-0"]
[WhiteElo "2055"]
[BlackElo "2376"]
[PlyCount "73"]
[EventDate "2011.04.12"]
[EventType "team"]
[EventRounds "11"]
[EventCountry "RUS"]
[Source "lmi"]
[SourceDate "2011.04.16"]
[WhiteTeamCountry "RUS"]
[BlackTeamCountry "RUS"]

1. d4 Nf6 2. c4 e6 3. g3 Bb4+ 4. Bd2 c5 5. Bxb4 cxb4 6. Bg2 O-O 7. Nd2 d6 8.
Ngf3 Nc6 9. O-O a5 10. e4 e5 11. d5 Nb8 12. c5 Bg4 13. cxd6 Na6 14. h3 Bxf3 15.
Qxf3 Nc5 16. Rac1 Qxd6 17. Qe3 Nfd7 18. f4 b5 19. Nf3 exf4 20. gxf4 Rae8 21.
Ne5 f6 22. Nxd7 Nxd7 23. Qd4 Rc8 24. Qe3 Rfe8 25. Rxc8 Rxc8 26. Rc1 Rc4 27. b3
Rxc1+ 28. Qxc1 Kf7 29. Qc6 Ke7 30. Qxd6+ Kxd6 31. Kf2 g5 32. e5+ fxe5 33. fxg5
Nc5 34. Ke3 a4 35. Be4 a3 36. Bxh7 Ke7 37. Bc2 1-0

[Event "Rusia tch 2011 femenino"]
[Site "Olginka RUS"]
[Date "2011.04.21"]
[Round "5.43"]
[White "Muzychuk, Mariya"]
[Black "Bronnikova, Elizaveta"]
[Result "1/2-1/2"]
[WhiteElo "2476"]
[BlackElo "2251"]
[PlyCount "81"]
[EventDate "2011.04.12"]
[EventType "team"]
[EventRounds "11"]
[EventCountry "RUS"]
[Source "lmi"]
[SourceDate "2011.04.16"]
[WhiteTeamCountry "RUS"]
[BlackTeamCountry "RUS"]

1. d4 Nf6 2. c4 c5 3. d5 b5 4. cxb5 a6 5. bxa6 Bxa6 6. Nc3 d6 7. Nf3 g6 8. e4
Bxf1 9. Kxf1 Bg7 10. g3 O-O 11. Kg2 Nbd7 12. h3 Qb6 13. Qc2 Rfb8 14. Rd1 Rb7
15. Rb1 Ne8 16. Bd2 Nc7 17. b3 Nb5 18. Nxb5 Qxb5 19. a4 Qa6 20. Bc3 Rab8 21.
Bxg7 Kxg7 22. Re1 f6 23. Nd2 Rb4 24. Nc4 Nb6 25. Nb2 c4 26. Nxc4 Nxc4 27. bxc4
Rxc4 28. Qxc4 Qxc4 29. Rxb8 Qxa4 30. Re2 Qc4 31. Rbb2 Kf7 32. f3 Qd3 33. h4 h5
34. Red2 Qe3 35. Rdc2 Qd3 36. Rd2 Qe3 37. Re2 Qd3 38. Rbd2 Qc3 39. f4 Kg7 40.
Rd1 Qc4 41. Rdd2 1/2-1/2

[Event "Rusia tch 2011 femenino"]
[Site "Olginka RUS"]
[Date "2011.04.21"]
[Round "5.44"]
[White "Gromova, Iulia"]
[Black "Savina, Anastasia"]
[Result "0-1"]
[WhiteElo "2214"]
[BlackElo "2383"]
[PlyCount "56"]
[EventDate "2011.04.12"]
[EventType "team"]
[EventRounds "11"]
[EventCountry "RUS"]
[Source "lmi"]
[SourceDate "2011.04.16"]
[WhiteTeamCountry "RUS"]
[BlackTeamCountry "RUS"]

1. d4 Nf6 2. c4 g6 3. f3 Bg7 4. e4 d6 5. Nc3 O-O 6. Be3 c5 7. Nge2 Nc6 8. d5
Ne5 9. Ng3 h5 10. Be2 h4 11. Nf1 e6 12. Nd2 exd5 13. cxd5 h3 14. g3 a6 15. a4
Bd7 16. O-O b5 17. axb5 axb5 18. Rxa8 Qxa8 19. Nxb5 Bxb5 20. Bxb5 Rb8 21. Be2
Rxb2 22. f4 Qa3 23. Bf2 Qb4 24. Be1 Qd4+ 25. Rf2 Nxe4 26. Nxe4 Qxe4 27. fxe5
Rb1 28. Bf3 Rxd1 0-1

[Event "Rusia tch 2011 femenino"]
[Site "Olginka RUS"]
[Date "2011.04.22"]
[Round "6.13"]
[White "Gaponenko, Inna"]
[Black "Bronnikova, Elizaveta"]
[Result "1/2-1/2"]
[WhiteElo "2435"]
[BlackElo "2251"]
[PlyCount "120"]
[EventDate "2011.04.12"]
[EventType "team"]
[EventRounds "11"]
[EventCountry "RUS"]
[Source "lmi"]
[SourceDate "2011.04.16"]
[WhiteTeamCountry "RUS"]
[BlackTeamCountry "RUS"]

1. e4 c5 2. Nf3 e6 3. d4 cxd4 4. Nxd4 Qb6 5. Nc3 Bc5 6. Na4 Qa5+ 7. c3 Be7 8.
Nb5 Nc6 9. b4 Qd8 10. Nd6+ Bxd6 11. Qxd6 Qe7 12. Qxe7+ Ngxe7 13. b5 Na5 14. c4
d5 15. c5 Bd7 16. Be2 Rc8 17. exd5 exd5 18. O-O Nc4 19. Re1 Bxb5 20. Nc3 Bc6
21. Bxc4 dxc4 22. Bf4 Rd8 23. Bd6 Rd7 24. Rad1 f6 25. Rd4 Kf7 26. Rxc4 Nf5 27.
Bf4 g5 28. Bc1 h5 29. f3 h4 30. h3 Rhd8 31. f4 Nd4 32. fxg5 fxg5 33. Ne4 Bxe4
34. Rxe4 Ne6 35. c6 bxc6 36. Rxc6 Rd6 37. Rxd6 Rxd6 38. Be3 a6 39. Re5 Kf6 40.
Ra5 Rc6 41. Kf2 Rc2+ 42. Kf3 Rc6 43. Ke4 Rd6 44. Ra3 Nc7 45. Ra5 Ne6 46. Ra4
Nc7 47. Bd4+ Kg6 48. Be5 Re6 49. Rb4 Ne8 50. Rb3 Nf6+ 51. Kd4 g4 52. hxg4 Nxg4
53. Bb8 Re2 54. Rb6+ Kf5 55. Rxa6 Rxg2 56. Ra5+ Kg6 57. Ra6+ Kf5 58. Ra5+ Kg6
59. Ra6+ Kf5 60. Ra5+ Kg6 1/2-1/2

[Event "Rusia tch 2011 femenino"]
[Site "Olginka RUS"]
[Date "2011.04.22"]
[Round "6.22"]
[White "Pogonina, Natalija"]
[Black "Kharashuta, Ekaterina"]
[Result "1-0"]
[WhiteElo "2446"]
[BlackElo "2270"]
[PlyCount "55"]
[EventDate "2011.04.12"]
[EventType "team"]
[EventRounds "11"]
[EventCountry "RUS"]
[Source "lmi"]
[SourceDate "2011.04.16"]
[WhiteTeamCountry "RUS"]
[BlackTeamCountry "RUS"]

1. e4 d6 2. d4 Nf6 3. f3 e5 4. Ne2 Be7 5. c4 c6 6. Nbc3 a5 7. Be3 Nbd7 8. Ng3
exd4 9. Bxd4 Nc5 10. Be2 O-O 11. O-O Re8 12. Qd2 a4 13. Rad1 Qa5 14. Kh1 Be6
15. f4 Qa6 16. e5 dxe5 17. fxe5 Nfd7 18. Qf4 Nf8 19. Nd5 Ng6 20. Qf2 cxd5 21.
cxd5 Qa5 22. dxe6 fxe6 23. Qf7+ Kh8 24. Nh5 Rg8 25. Nf4 Nxf4 26. Rxf4 Bg5 27.
Rff1 Raf8 28. Qxf8 1-0